00407nam a2200121Ia 4500008004100000245014400041260001800185260000900203300000800212500001400220650001300234856003800247170516s9999 xx 000 0 und d aAdjuvant Effect of Cationic Liposomes for Subunit Influenza Vaccine: Influence of Antigen Loading Method, Cholesterol and Immune Modulators bPharmaceutics c2013 a5:3 aSeptember xPharmacy uhttp://www.mdpi.com/1999-4923/5/3